000 00826nmm a2200265 a 4500
001 ocm000607265
003 TR-IsHL
005 20201028133037.0
008 131121s2002 tu tur
007 cr cn
020 _a9789758257553
035 _a607265
_b(N$T)
050 0 4 _aPL248.K39
_bC4 2002
090 0 4 _aPL248.K39
_bC4 2002
100 1 _aKazcı, Mehmet Emin
245 1 0 _aCeberrut kaynana
_h[electronic resource] /
_cMehmet Emin Kazcı
260 _aİstanbul :
_bBirey Yayıncılık,
_c2002
300 _a96 p.
650 4 _aDil ve Edebiyat
650 4 _aLanguage and Literature
650 0 _aTürk mizahı
650 0 _aTurkish humor
650 7 _aLITERARY COLLECTIONS / Middle Eastern
_2bisacsh
856 4 0 _uhttp://search.ebscohost.com/login.aspx?direct=true&scope=site&db=e011xww&AN=607265
999 _c5425
_d5425